<?xml version="1.0" encoding="UTF-8"?>
<record
    xmlns:xsi="http://www.w3.org/2001/XMLSchema-instance"
    xsi:schemaLocation="http://www.loc.gov/MARC21/slim http://www.loc.gov/standards/marcxml/schema/MARC21slim.xsd"
    xmlns="http://www.loc.gov/MARC21/slim">

  <leader>03162cam a22003858i 4500</leader>
  <controlfield tag="001">21314052</controlfield>
  <controlfield tag="003">CSPC</controlfield>
  <controlfield tag="005">20241206122100.0</controlfield>
  <controlfield tag="008">191127s2020    enk      b    001 0 eng  </controlfield>
  <datafield tag="010" ind1=" " ind2=" ">
    <subfield code="a">  2019044220</subfield>
  </datafield>
  <datafield tag="020" ind1=" " ind2=" ">
    <subfield code="a">9780749484620</subfield>
    <subfield code="q">(paperback)</subfield>
  </datafield>
  <datafield tag="040" ind1=" " ind2=" ">
    <subfield code="a">DLC</subfield>
    <subfield code="b">eng</subfield>
    <subfield code="c">DLC</subfield>
    <subfield code="e">rda</subfield>
    <subfield code="d">DLC</subfield>
    <subfield code="d">CSPC</subfield>
  </datafield>
  <datafield tag="042" ind1=" " ind2=" ">
    <subfield code="a">pcc</subfield>
  </datafield>
  <datafield tag="050" ind1="0" ind2="0">
    <subfield code="a">HD2365</subfield>
    <subfield code="b">.G64 2020</subfield>
  </datafield>
  <datafield tag="082" ind1="0" ind2="0">
    <subfield code="a">658.5</subfield>
    <subfield code="2">23</subfield>
    <subfield code="b">G549l</subfield>
  </datafield>
  <datafield tag="100" ind1="1" ind2=" ">
    <subfield code="a">Godsmark, Jo,</subfield>
    <subfield code="e">author.</subfield>
  </datafield>
  <datafield tag="245" ind1="1" ind2="4">
    <subfield code="a">The logistics outsourcing handbook :</subfield>
    <subfield code="b">a step-by-step guide from strategy through to implementation /</subfield>
    <subfield code="c">Jo Godsmark and Gwynne Richards.</subfield>
  </datafield>
  <datafield tag="264" ind1=" " ind2="1">
    <subfield code="a">London ;</subfield>
    <subfield code="a">New York, NY :</subfield>
    <subfield code="b">Kogan Page,</subfield>
    <subfield code="c">2020.</subfield>
  </datafield>
  <datafield tag="300" ind1=" " ind2=" ">
    <subfield code="a">ix, 374 pages :</subfield>
    <subfield code="c">24 cm.</subfield>
    <subfield code="b">illustrations ;</subfield>
  </datafield>
  <datafield tag="336" ind1=" " ind2=" ">
    <subfield code="a">text</subfield>
    <subfield code="b">txt</subfield>
    <subfield code="2">rdacontent</subfield>
  </datafield>
  <datafield tag="337" ind1=" " ind2=" ">
    <subfield code="a">unmediated</subfield>
    <subfield code="b">n</subfield>
    <subfield code="2">rdamedia</subfield>
  </datafield>
  <datafield tag="338" ind1=" " ind2=" ">
    <subfield code="a">volume</subfield>
    <subfield code="b">nc</subfield>
    <subfield code="2">rdacarrier</subfield>
  </datafield>
  <datafield tag="504" ind1=" " ind2=" ">
    <subfield code="a">Includes bibliographical references (pages 356-366) and index.</subfield>
  </datafield>
  <datafield tag="505" ind1="0" ind2=" ">
    <subfield code="a">Logistics outsourcing -- To outsource or not to outsource? -- The logistics services marketplace -- Supplier or partner? -- The outsourcing lifecycle -- Third-party logistics contracts and pricing mechanisms -- Performance measurement and management -- The risks associated with outsourcing -- Managing relationships -- IT logistics outsourcing -- The future of logistics outsourcing.</subfield>
  </datafield>
  <datafield tag="520" ind1=" " ind2=" ">
    <subfield code="a">"Logistics services are critical for any business involved in the transportation of goods from one point to another. 75% of companies now outsource warehousing and distribution functions of their businesses. Many companies outsource their logistics services, such as transportation, warehousing and delivery, to logistics service providers, reducing costs significantly. The Logistics and Outsourcing Handbook covers all outsourced services. It provides vital advice on how to shortlist companies, produce a request for a proposal, choose the optimum supplier, and implement and manage the contract. The Logistics and Outsourcing Handbook presents current statistics for logistics outsourcing, reasons for contracts being both awarded and terminated, and outlines how third-party logistics companies charge for their services. The authors look at the outsourcing processes in different countries and how to implement these into the overall strategy. Tools within the book include a checklist of essential data which needs to be collected, sample decision tables, draft contracts and sample implementation plans. The authors include case studies of outsourcing in companies such as Asda, KFC and BA"--</subfield>
    <subfield code="c">Provided by publisher.</subfield>
  </datafield>
  <datafield tag="650" ind1=" " ind2="0">
    <subfield code="a">Contracting out.</subfield>
  </datafield>
  <datafield tag="650" ind1=" " ind2="0">
    <subfield code="a">Business logistics</subfield>
    <subfield code="x">Contracting out.</subfield>
  </datafield>
  <datafield tag="650" ind1=" " ind2="0">
    <subfield code="a">Strategic planning.</subfield>
  </datafield>
  <datafield tag="700" ind1="1" ind2=" ">
    <subfield code="a">Richards, Gwynne,</subfield>
    <subfield code="e">author.</subfield>
  </datafield>
  <datafield tag="776" ind1="0" ind2="8">
    <subfield code="i">Online version:</subfield>
    <subfield code="a">Godsmark, Jo,</subfield>
    <subfield code="t">The logistics outsourcing handbook</subfield>
    <subfield code="b">1st.</subfield>
    <subfield code="d">New York : Kogan Page, 2019.</subfield>
    <subfield code="z">9780749484637</subfield>
    <subfield code="w">(DLC) 2019044221</subfield>
  </datafield>
  <datafield tag="906" ind1=" " ind2=" ">
    <subfield code="a">7</subfield>
    <subfield code="b">cbc</subfield>
    <subfield code="c">orignew</subfield>
    <subfield code="d">1</subfield>
    <subfield code="e">ecip</subfield>
    <subfield code="f">20</subfield>
    <subfield code="g">y-gencatlg</subfield>
  </datafield>
  <datafield tag="942" ind1=" " ind2=" ">
    <subfield code="2">ddc</subfield>
    <subfield code="n">0</subfield>
    <subfield code="c">BK</subfield>
    <subfield code="e">23</subfield>
    <subfield code="h">658.5</subfield>
    <subfield code="i">G549l</subfield>
    <subfield code="k">CIR</subfield>
    <subfield code="m">2020</subfield>
  </datafield>
  <datafield tag="952" ind1=" " ind2=" ">
    <subfield code="0">0</subfield>
    <subfield code="1">0</subfield>
    <subfield code="2">ddc</subfield>
    <subfield code="4">0</subfield>
    <subfield code="7">0</subfield>
    <subfield code="a">CSPC</subfield>
    <subfield code="b">CSPC</subfield>
    <subfield code="c">CIR</subfield>
    <subfield code="d">2024-12-05</subfield>
    <subfield code="l">0</subfield>
    <subfield code="o">CIR 658.5 G549l 2020</subfield>
    <subfield code="p">028659</subfield>
    <subfield code="r">2024-12-05 12:34:49</subfield>
    <subfield code="t">1-1</subfield>
    <subfield code="w">2024-12-05</subfield>
    <subfield code="y">BK</subfield>
  </datafield>
  <datafield tag="999" ind1=" " ind2=" ">
    <subfield code="c">28534</subfield>
    <subfield code="d">28534</subfield>
  </datafield>
</record>
